01367nam a22003377a 4500003000500000005001700005008004100022010001000063011001000073035001000083040000900093090001000102100003200112245020600144260003800350300001000388502009700398590003700495590004100532590004100573590004100614590004100655590004200696650003900738650004700777901000700824942001000831949004300841999001700884952012800901CHAP20220329135953.0971013s1983 r 00010 d a44922 a45894 a50034 cCHAP aTesis00aUrrea Luna, Arturo.9116989 aEvaluación de tres programas de desparasitación contra nemátodos gastroentéricos del Centro de Investigación, Enseñanza y Extensión en Ganadería Tropical de Martínez de la Torre, Ver. aMéxico, D.F. :bEl autor,c1983 a27 h. aTesis (Médico Veterinario Zootecnista) -- UNAM. Facultad de Medicina Veterinaria Zootecnia aALEPHb10c20130110lUCH01h1314 aBATCH-UPDb10c20130110lUCH01h0310 aBATCH-UPDb10c20130110lUCH01h2059 aBATCH-UPDb10c20130410lUCH01h1412 aBATCH-UPDb10c20130914lUCH01h1529 aCONVERSIONb10c20130109lUCH01h132514aGanado vacunoxParásitos.94550014aNemátodos parásitos de bovinos.980829 aBK cTESIS bBCcTESd-112635eTS1h17190i50034si c44922d44922 00102local4051708TESISaBCbBCcPA_TESISd2019-12-31fTESISl0oTesisp-112635r2019-12-31 00:00:00w2019-12-31yTESIS